书目信息 |
| 题名: |
中级会计实务经典题解
|
|
| 作者: | 郭建华 主编 | |
| 分册: | 下册 | |
| 出版信息: | 北京 高等教育出版社 2019 |
|
| 页数: | 225-507页 | |
| 开本: | 26cm | |
| 丛书名: | 梦想成真系列辅导丛书 | |
| 单 册: | ||
| 中图分类: | F233-44 | |
| 科图分类: | ||
| 主题词: | 会计实务--hui ji shi wu--会计人员--资格考试--问题解答 | |
| 电子资源: | ||
| ISBN: | 978-7-04-051673-9 | |
| 000 | 01239oam2 2200289 450 | |
| 001 | 2160536122 | |
| 005 | 20210930165655.78 | |
| 010 | @a978-7-04-051673-9@dCNY39.00(全2册78.00) | |
| 100 | @a20190731d2019 em y0chiy50 ea | |
| 101 | 0 | @achi |
| 102 | @aCN@b110000 | |
| 105 | @ay zq 000yy | |
| 106 | @ar | |
| 200 | 1 | @a中级会计实务经典题解@Azhong ji hui ji shi wu jing dian ti jie@h下册@f郭建华主编 |
| 210 | @a北京@c高等教育出版社@d2019 | |
| 215 | @a225-507页@d26cm | |
| 225 | 2 | @a梦想成真系列辅导丛书@Ameng xiang cheng zhen xi lie fu dao cong shu |
| 300 | @a2019年度全国会计专业技术资格考试 进阶2 2019年度中级会计职称梦想成真系列 | |
| 304 | @a中华会计网校组编 | |
| 314 | @a郭建华,男,高校副教授,《中级会计实务经典题解》、注册会计师《会计应试指南》主编,注册会计师、中级会计职称、资产评估师考前辅导专家。 | |
| 330 | @a本书包括全国会计专业技术资格统一考试《中级会计实务》科目的命题趋势预测及应试技巧、核心考点精析及习题训练、跨章节综合题演练、机考通关题库演练四部分内容。 | |
| 461 | 0 | @12001 @a梦想成真系列辅导丛书 |
| 606 | 0 | @a会计实务@Ahui ji shi wu@x会计人员@x资格考试@j问题解答 |
| 690 | @aF233-44@v5 | |
| 701 | 0 | @a郭建华@Aguo jian hua@4主编 |
| 801 | 0 | @aCN@b百万庄@c20210926 |
| 905 | @b1301235-38@dF233-44@e633:2@f4 | |
| 中级会计实务经典题解.下册/郭建华主编.-北京:高等教育出版社,2019 |
| 225-507页;26cm.-(梦想成真系列辅导丛书) |
| 2019年度全国会计专业技术资格考试 进阶2 2019年度中级会计职称梦想成真系列 |
| ISBN 978-7-04-051673-9:CNY39.00(全2册78.00) |
| 本书包括全国会计专业技术资格统一考试《中级会计实务》科目的命题趋势预测及应试技巧、核心考点精析及习题训练、跨章节综合题演练、机考通关题库演练四部分内容。 |
| ● |
| 相关链接 |
|
|
|
|
正题名:中级会计实务经典题解
索取号:F233-44/633:2
 
预约/预借
| 序号 | 登录号 | 条形码 | 馆藏地/架位号 | 状态 | 备注 |
| 1 | 1301235 | 213012354 | 第一样本阅览室/ [索取号:F233-44/633:2] | 在馆 | |
| 2 | 1301236 | 213012363 | 第一借阅区/ [索取号:F233-44/633:2] | 在馆 | |
| 3 | 1301237 | 213012372 | 第一借阅区/ [索取号:F233-44/633:2] | 在馆 | |
| 4 | 1301238 | 213012381 | 第一借阅区/ [索取号:F233-44/633:2] | 在馆 |